The Winchester Mint and Coins and Related Finds from the Excavations of 1961–71

محفوظ في:

المؤلف الرئيسي: Professor Martin Biddle, CBE, FBA

التنسيق: كتاب

اللغة: Undetermined

الوصول للمادة أونلاين: Login to view Source

الوسوم: إضافة وسم

لا توجد وسوم, كن أول من يضع وسما على هذه التسجيلة!

رقم الطلب:

LEADER 00520nmm a2200133Ia 4500
008 240716s9999||||xx |||||||||||||||||und||
020 |a 9781803270128 
020 |a 9781803270135 
100 |a Professor Martin Biddle, CBE, FBA 
245 1 4 |a The Winchester Mint and Coins and Related Finds from the Excavations of 1961–71  |c Professor Martin Biddle, CBE, FBA 
264 |b Archaeopress Archaeology  |c 30-نوفمبر-23 
856 4 0 |u http://library.arce.org:8087/Archaeopress/Products/9781803270128 
942 |2 lcc  |c EBOOK 
999 |c 58983  |d 58983